| 000 | 00915nam a2200301Ia 4500 | ||
|---|---|---|---|
| 001 | dia_3279 | ||
| 003 | CHAP | ||
| 005 | 20230331093107.0 | ||
| 008 | 220117s1973 xx 000 0 und d | ||
| 010 | _a173774 | ||
| 040 | _cCHAP | ||
| 082 | _a621.56 S47 1973 | ||
| 100 |
_aSepúlveda Lerma, Ramón _9104483 |
||
| 245 |
_aApuntes sobre tecnología frigorífica / _c Ramón Sepúlveda Lerma |
||
| 260 |
_aMéxico : _b Escuela Nacional de Agricultura, _c1973 |
||
| 300 | _a227 h. | ||
| 440 |
_aSerie de Apuntes ; 8 _9154449 |
||
| 504 | _aBibliografía: h. 226 | ||
| 590 | _aTP492 S47 1973 | ||
| 650 |
_aCooling sytems _9154450 |
||
| 650 |
_aRefrigeración _995611 |
||
| 650 |
_aRefrigeration _9146930 |
||
| 650 |
_aSistemas de refrigeración _9147453 |
||
| 901 | _a621.56 S47 1973 | ||
| 902 | _aM | ||
| 905 | _a5232271973 MX AIM 8223123322SPA16 | ||
| 942 |
_cLIBRO _2ddc |
||
| 999 |
_c173774 _d173774 |
||